000 00510nam a2200145Ia 4500
008 180921t xxu||||| ||||o00| 0 eng d
041 _aeng
080 _aThe Ordinances Of Ceylon 1933-1934
245 _aordinance No.8 of 1933.An ordinance To Amend The Small Towns Sanitary ordinance,1892.Date of Governor's Assent : April 25,1933.] [Date of Commencement :April 25,1933 ]
300 _ap.6-7, 24 cm
650 _aSmall Towns Sanitary
942 _cBK
999 _c50383
_d50383
003 LK-CoDNM
040 _aLK-CoDNM
_dLK-CoDNM
_eLK-CoDNM